000 00760nam a2200289Ia 4500
001 3419
003 IT-RoPAU
008 130308s9999 xx 000 0 und d
040 _aIT-RoPAU
040 _cIT-RoPAU
041 _aITALIANO
100 _aCosta Armando
100 _gCodice Aut. SPICS: 7765
245 _aLibertà fondamentali del cittadino (Le)
245 _bContributi Alla riforma della Censura
250 _a1a ed.
260 _aROMA
260 _bAnica
260 _c1976 [1° Ed.:1976 - Ed.Ling.Originale:1975]
300 _a"4 p. (prefazione: no ; testo: 4 [pagine: 47-50])"
650 _aDIRITTO NELLA CINEMATOGRAFIA
650 _eCodice materia Spics: 4612
942 _cBK
957 _71
999 _c46820
_d46820
999 _bSI
999 _g1